Štátne stavebné pôžičky
Národná rada SR na svojom zasadaní 27. marca 1996 schválila zákon č.124 o Štátnom fonde rozvoja bývania, ktorý nadobudol účinnosť dňom 1. mája 1996. Fond bude slúžiť na financovanie štátnej podpory pri rozširovaní a zveľaďovaní bytového fondu. Podmienky pre poskytnutie podpory.
Guardado en:
| Autor principal: | |
|---|---|
| Formato: | Capítulo de libro |
| Lenguaje: | eslovaco |
| Materias: | |
| Etiquetas: |
Sin Etiquetas, Sea el primero en etiquetar este registro!
|
MARC
| LEADER | 00000naa a2200000 4500 | ||
|---|---|---|---|
| 001 | r021113 | ||
| 005 | 20230825075449.0 | ||
| 041 | 0 | |a slo | |
| 044 | |a SK | ||
| 245 | 1 | 0 | |a Štátne stavebné pôžičky |c Pavol Giller |
| 520 | |a Národná rada SR na svojom zasadaní 27. marca 1996 schválila zákon č.124 o Štátnom fonde rozvoja bývania, ktorý nadobudol účinnosť dňom 1. mája 1996. Fond bude slúžiť na financovanie štátnej podpory pri rozširovaní a zveľaďovaní bytového fondu. Podmienky pre poskytnutie podpory. | ||
| 610 | 2 | 0 | |a pôžičky |
| 610 | 2 | 0 | |a bývanie |
| 610 | 2 | 0 | |a fond bytový |
| 610 | 2 | 0 | |a financovanie |
| 610 | 2 | 0 | |a fondy finančné |
| 610 | 2 | 0 | |a Štátny fond rozvoja bývania Bratislava |
| 610 | 2 | 0 | |a zákony |
| 610 | 2 | 0 | |a Slovensko |
| 610 | 2 | 0 | |a 1996 |
| 100 | 1 | |a Giller, Pavol | |